000 00462nam a2200205Ia 4500
003 OSt
005 20251209105148.0
008 250729s1900 xx 000 0 und d
020 _a978-1023871891
040 _cAL
041 _aeng
082 _a900 LINH
100 _aLingard John
_9226186
245 _aHistory of england
260 _aLondon
300 _a314p
650 _aHistory
_9226187
700 _aRao Digumurthi
_9226188
942 _2ddc
_cBED
999 _c237210
_d237210